000 00281nam a2200121 i 4500
001 bg
245 0 _aPrzeróbka plastyczna :
_bćwiczenia laboratoryjne.
260 _aKraków,
_c1973.
040 _cBPK
041 _apol
942 _cKS
008 s pl f |000 0 pol
999 _c26048
_d26048
856 _uhttp://koha.tu.koszalin.pl/cgi-bin/koha/opac-detail.pl?biblionumber=26048
_yKatalog online BPK